Loading...
| Fine Arts - Classical Music | 0 | 6 | 1 | 0 | 55 | 35 | 60.33 | 2 | 5 | 30.87 | 46.80 |
| Fine Arts - Other | 0 | 2 | 0 | 0 | 20 | 46 | 91.50 | 1 | 1 | 6.27 | 15.15 |
| Fine Arts - Visual | 0 | 2 | 0 | 1 | 20 | 67 | 94.50 | 0 | 1 | 4.69 | 12.95 |
| Science - Chemistry | 0 | 2 | 1 | 0 | 15 | 14 | 37.00 | 1 | 1 | 12.62 | 14.55 |
| Literature - World/Other | 0 | 1 | 0 | 0 | 10 | 119 | 119.00 | 0 | 0 | 1.53 | 5.45 |
| Science - Physics | 0 | 1 | 0 | 0 | 10 | 77 | 77.00 | 0 | 1 | 3.58 | 6.36 |
| Social Science | 0 | 1 | 1 | 0 | 5 | 97 | 97.00 | 0 | 1 | 1.07 | 7.27 |
| Philosophy | 0 | 0 | 1 | 0 | -5 | 0.00 | 0 | 0 | 0.00 | 0.00 | |
| History - World | 0 | 0 | 1 | 0 | -5 | 0.00 | 0 | 0 | 0.00 | 0.00 | |
| Literature - American | 0 | 0 | 1 | 0 | -5 | 0.00 | 0 | 0 | 0.00 | 0.00 |